| 000 | 00498nam a2200181Ia 4500 | ||
|---|---|---|---|
| 008 | 090124s9999 xx 000 0 und d | ||
| 082 | _b34644 | ||
| 100 | _aकरंदीकर सु. मा. | ||
| 245 | _a रास | ||
| 250 | _a1 | ||
| 260 |
_bमौज प्रकाशन गृह _c1998 |
||
| 300 | _a110 | ||
| 600 | _aकरंदीकर सु. मा. | ||
| 630 | _a रास | ||
| 700 | _aकरंदीकर सु. मा. | ||
| 730 | _a रास | ||
| 942 | _cBOOK | ||
| 999 |
_c100569 _d100569 |
||